000 00251nam a22001217a 4500
003 SGT
082 _a823
_bDES
100 _aDESSEN SARAH
245 _aALONG FOR THE RIDE
260 _aLONDON
_bPENGUIN PUB
_c2009
300 _a424
942 _2ddc
_cBK
999 _c33609
_d33609